[Event "Bryansk Zilberstein Memorial 5th"]
[Site "Bryansk"]
[Date "2021.07.30"]
[Round "7"]
[White "Mokshanov, Alexey"]
[Black "Tarasov, Ilya"]
[Result "1/2-1/2"]
[WhiteElo "2434"]
[BlackElo "2228"]
[PlyCount "55"]
[EventDate "2021.07.29"]
[EventType "swiss (rapid)"]
[EventRounds "11"]
[EventCountry "RUS"]
[SourceTitle "CBM 203 Extra"]
[Source "ChessBase"]
[SourceDate "2021.09.30"]
[SourceVersion "1"]
[SourceVersionDate "2021.09.30"]
[SourceQuality "1"]

1. e4 d6 2. d4 Nf6 3. Nc3 g6 4. f4 Bg7 5. Bd3 0-0 6. Nf3 Na6 7. Be3 c5 8. dxc5 Nxc5 9. Bxc5 dxc5 10. e5 Nd5 11. Nxd5 Qxd5 12. Qe2 Qc6 13. 0-0 Bg4 14. Be4 Qb6 15. b3 f6 16. Qc4+ Kh8 17. Rae1 Rad8 18. c3 Be6 19. Qe2 Bg4 20. h3 Bxf3 21. Rxf3 c4+ 22. Kh2 fxe5 23. f5 cxb3 24. axb3 gxf5 25. Rxf5 Rxf5 26. Bxf5 Rf8 27. Be4 Bh6 28. Qh5 1/2-1/2

[Event "Chigorin Memorial 27th"]
[Site "St Petersburg"]
[Date "2019.10.11"]
[Round "7"]
[White "Tarasov, Ilya"]
[Black "Bodnaruk, Anastasia"]
[Result "1/2-1/2"]
[WhiteElo "2227"]
[BlackElo "2415"]
[PlyCount "62"]
[EventDate "2019.10.05"]
[EventType "swiss"]
[EventRounds "9"]
[EventCountry "RUS"]
[SourceTitle "EXT 2021"]
[Source "ChessBase"]
[SourceDate "2020.10.23"]
[SourceVersion "1"]
[SourceVersionDate "2020.10.23"]
[SourceQuality "1"]

1. d4 Nf6 2. c4 g6 3. g3 Bg7 4. Bg2 0-0 5. Nc3 d6 6. Nf3 Nc6 7. 0-0 a6 8. Bf4 Rb8 9. a3 h6 10. h3 g5 11. Bd2 e5 12. d5 Ne7 13. e4 Ng6 14. Ne1 Nh7 15. g4 Nf4 16. Be3 h5 17. f3 Qf6 18. Ne2 Re8 19. Ng3 Nf8 20. Rf2 hxg4 21. hxg4 N8g6 22. Bf1 c6 23. Rc1 Bf8 24. Nd3 Bd7 25. Rh2 Rec8 26. Nh5 Qd8 27. b4 b5 28. dxc6 Bxc6 29. Rhc2 bxc4 30. Rxc4 Bb5 31. Rxc8 Rxc8 1/2-1/2

[Event "Chigorin Memorial 27th"]
[Site "St Petersburg"]
[Date "2019.10.09"]
[Round "5"]
[White "Tarasov, Ilya"]
[Black "Slugin, Yaroslav"]
[Result "1/2-1/2"]
[WhiteElo "2227"]
[BlackElo "2014"]
[PlyCount "94"]
[EventDate "2019.10.05"]
[EventType "swiss"]
[EventRounds "9"]
[EventCountry "RUS"]
[SourceTitle "EXT 2020"]
[Source "ChessBase"]
[SourceDate "2019.10.17"]
[SourceVersion "1"]
[SourceVersionDate "2019.10.17"]
[SourceQuality "1"]

1. d4 Nf6 2. Nc3 d5 3. Bf4 a6 4. e3 e6 5. Nf3 c5 6. Bd3 Nc6 7. 0-0 Bd6 8. Bxd6 Qxd6 9. dxc5 Qxc5 10. e4 d4 11. Ne2 e5 12. Ng3 0-0 13. Qd2 Ne7 14. Nh4 Ng6 15. Nxg6 hxg6 16. Rae1 Re8 17. h3 Bd7 18. Ne2 Bc6 19. f3 Rac8 20. g4 Re7 21. Rf2 Ne8 22. h4 Nd6 23. Ng3 f6 24. g5 Kf7 25. h5 gxh5 26. gxf6 gxf6 27. Qh6 Ke6 28. Nxh5 Rg8+ 29. Rg2 Rxg2+ 30. Kxg2 Ne8 31. Ng3 Kd7 32. Qf8 Qa5 33. Rd1 Rg7 34. Kf2 Qd8 35. Nf5 Rg5 36. Qf7+ Kc8 37. Ne7+ Kc7 38. Nxc6+ Kxc6 39. c3 Rg7 40. Qe6+ Kc7 41. Bf1 Rd7 42. Bh3 Rd6 43. Qf7+ Kb8 44. Qf8 Ka7 45. cxd4 exd4 46. Bf1 d3 47. Rxd3 Rxd3 1/2-1/2

[Event "Chigorin Memorial 27th"]
[Site "St Petersburg"]
[Date "2019.10.07"]
[Round "3"]
[White "Tarasov, Ilya"]
[Black "Kryakvin, Dmitry"]
[Result "0-1"]
[WhiteElo "2227"]
[BlackElo "2610"]
[PlyCount "112"]
[EventDate "2019.10.05"]
[EventType "swiss"]
[EventRounds "9"]
[EventCountry "RUS"]
[SourceTitle "EXT 2020"]
[Source "ChessBase"]
[SourceDate "2019.10.17"]
[SourceVersion "1"]
[SourceVersionDate "2019.10.17"]
[SourceQuality "1"]

1. d4 e6 2. Nf3 c5 3. c3 Nf6 4. e3 d5 5. Bd3 Nbd7 6. Nbd2 Be7 7. 0-0 0-0 8. Re1 b6 9. e4 dxe4 10. Nxe4 Bb7 11. dxc5 Nxe4 12. Bxe4 Bxe4 13. Rxe4 Nxc5 14. Rd4 Qe8 15. Qe2 f6 16. Be3 e5 17. Rd5 Ne6 18. Rad1 Rc8 19. Qc2 Rf7 20. a4 Bf8 21. Qb3 Bc5 22. Qb5 Bxe3 23. Qxe8+ Rxe8 24. fxe3 Kf8 25. Kf1 Rc7 26. a5 bxa5 27. Rxa5 Rb8 28. Ra2 Nc5 29. Rd5 Ke7 30. Nd2 Ke6 31. c4 Nb3 32. Ra6+ Kf5 33. Ke2 Nxd2 34. Rxd2 Rb4 35. Rc2 Rbxc4 36. Rxc4 Rxc4 37. Rxa7 Ke4 38. Kd2 Rb4 39. Kc3 Rb8 40. b4 Kxe3 41. Rxg7 e4 42. Rxh7 Rc8+ 43. Kb3 Re8 44. Rf7 Re6 45. Kc4 Kf2 46. Kd5 e3 47. Kxe6 e2 48. Kxf6 e1Q 49. g4 Kf3 50. g5 Kf4 51. Kg6+ Kg4 52. h3+ Kxh3 53. Kg7 Kg4 54. g6 Kg5 55. Rb7 Qa1+ 56. Kf7 Qf6+ 0-1

[Event "St Petersburg Korchnoi Memorial op"]
[Site "St Petersburg"]
[Date "2019.08.19"]
[Round "6"]
[White "Tarasov, Ilya"]
[Black "Mokshanov, Alexey"]
[Result "0-1"]
[WhiteElo "2226"]
[BlackElo "2447"]
[PlyCount "76"]
[EventDate "2019.08.14"]
[EventType "swiss"]
[EventRounds "9"]
[EventCountry "RUS"]
[SourceTitle "CBM 192"]
[Source "ChessBase"]
[SourceDate "2019.10.31"]
[SourceVersion "1"]
[SourceVersionDate "2019.10.31"]
[SourceQuality "1"]

1. d4 d5 2. c4 e6 3. Nc3 c6 4. e4 dxe4 5. Nxe4 Bb4+ 6. Bd2 Qxd4 7. Bxb4 Qxe4+ 8. Be2 Na6 9. Bd6 e5 10. Nf3 Bg4 11. 0-0 0-0-0 12. b4 Nf6 13. c5 Nxb4 14. Rb1 Nfd5 15. Rb3 Nf4 16. Re1 Nxe2+ 17. Rxe2 Qc4 18. Qe1 Bxf3 19. gxf3 Nd3 20. Qc3 Qxc3 21. Rxc3 Nf4 22. Rxe5 Nd5 23. Ra3 a6 24. f4 Rhe8 25. Rg3 g6 26. h4 f6 27. Rxe8 Rxe8 28. f5 Rg8 29. f4 Kd7 30. Kf2 b5 31. Ra3 gxf5 32. Rxa6 h5 33. Ra7+ Ke6 34. Rh7 Ra8 35. Ke2 Rxa2+ 36. Kd3 b4 37. Kc4 Ra3 38. Be5 fxe5 0-1

[Event "Chigorin Memorial 26th"]
[Site "St Petersburg"]
[Date "2018.11.01"]
[Round "6"]
[White "Vlasenko, Miroslav"]
[Black "Tarasov, Ilya"]
[Result "1-0"]
[WhiteElo "2411"]
[BlackElo "2211"]
[PlyCount "120"]
[EventDate "2018.10.27"]
[EventType "swiss"]
[EventRounds "9"]
[EventCountry "RUS"]
[SourceTitle "CBM 187 Extra"]
[Source "ChessBase"]
[SourceDate "2018.11.04"]
[SourceVersion "1"]
[SourceVersionDate "2018.11.04"]
[SourceQuality "1"]

1. d4 d6 2. Nf3 Nf6 3. c4 c6 4. Nc3 Bf5 5. Nh4 e6 6. Nxf5 exf5 7. Qd3 g6 8. Bf4 Bg7 9. Qe3+ Kf8 10. h3 d5 11. c5 b6 12. cxb6 axb6 13. g4 fxg4 14. hxg4 Nxg4 15. Qg3 h5 16. f3 Nf6 17. Bc7 Qe8 18. Bxb6 Nfd7 19. Qc7 Nxb6 20. Qxb6 Ra6 21. Qb4+ Kg8 22. e4 Ra7 23. 0-0-0 Nd7 24. exd5 cxd5 25. Nxd5 Rxa2 26. Ne7+ Kh7 27. Rxh5+ Bh6+ 28. Kc2 Qb8 29. Qxb8 Rxb8 30. Rb5 Rxb5 31. Bxb5 Nb6 32. Kb3 Ra5 33. Kb4 Ra2 34. Kc5 Na4+ 35. Bxa4 Bf8 36. Kb4 Rxb2+ 37. Kc3 Rf2 38. Nc8 Rxf3+ 39. Kc4 Ra3 40. Bc6 f5 41. d5 f4 42. d6 Bxd6 43. Rxd6 g5 44. Be4+ Kh8 45. Rh6+ Kg7 46. Rg6+ Kf7 47. Nd6+ Ke7 48. Nf5+ Kf7 49. Nh6+ Ke7 50. Rxg5 Rh3 51. Ng4 Rg3 52. Re5+ Kd6 53. Rd5+ Ke7 54. Ne5 Re3 55. Kd4 Re1 56. Ng6+ Kf6 57. Nxf4 Ra1 58. Rf5+ Ke7 59. Nd5+ Kd6 60. Rf6+ Kd7 1-0

[Event "Chigorin Memorial 26th"]
[Site "St Petersburg"]
[Date "2018.10.27"]
[Round "1"]
[White "Tarasov, Ilya"]
[Black "Soloviev, Mikhail2"]
[Result "1-0"]
[WhiteElo "2211"]
[BlackElo "1636"]
[PlyCount "171"]
[EventDate "2018.10.27"]
[EventType "swiss"]
[EventRounds "9"]
[EventCountry "RUS"]
[SourceTitle "CBM 187 Extra"]
[Source "ChessBase"]
[SourceDate "2018.11.04"]
[SourceVersion "1"]
[SourceVersionDate "2018.11.04"]
[SourceQuality "1"]

1. d4 Nf6 2. c4 e6 3. Nf3 Bb4+ 4. Bd2 Qe7 5. g3 b6 6. Bg2 Bb7 7. 0-0 Bxd2 8. Nbxd2 0-0 9. Qc2 d5 10. Ne5 c5 11. cxd5 exd5 12. e3 Nbd7 13. Nxd7 Nxd7 14. Rfe1 Rfc8 15. Qd3 c4 16. Qc2 Nf6 17. f3 Qd7 18. Qc3 Rd8 19. Rad1 Rac8 20. Nf1 Qa4 21. e4 dxe4 22. fxe4 Nxe4 23. Qc1 Re8 24. Nd2 Nd6 25. Bxb7 Nxb7 26. Ne4 Qc6 27. d5 Qg6 28. Qf4 h6 29. a4 Rcd8 30. h4 f5 31. Nc3 Nd6 32. Kg2 Qf6 33. Qf2 Ne4 34. Nxe4 fxe4 35. Qxf6 gxf6 36. Rd4 f5 37. Kf2 Re5 38. Red1 e3+ 39. Ke2 Kf7 40. Rxc4 Rexd5 41. Rxd5 Rxd5 42. Kxe3 Ke6 43. Rc8 Rd6 44. b3 a5 45. Re8+ Kf6 46. Rg8 Ke5 47. Re8+ Kf6 48. Rc8 Ke5 49. Rh8 Rg6 50. Re8+ Kf6 51. Kf3 Kf7 52. Re5 Kf6 53. Rb5 Kg7 54. Rxf5 Rc6 55. Kf4 Kg6 56. g4 Rc1 57. Rb5 Rf1+ 58. Ke4 Rf6 59. h5+ Kg7 60. Rd5 Rc6 61. g5 hxg5 62. Rxg5+ Kh7 63. Rg6 Rc5 64. Rxb6 Rxh5 65. Rb5 Rh3 66. Kd5 Kg7 67. Kc5 Kf7 68. Kb6 Ke7 69. Kxa5 Kd7 70. b4 Kc7 71. Rg5 Rh6 72. Rg7+ Kb8 73. b5 Rf6 74. b6 Rf8 75. Kb5 Rf5+ 76. Ka6 Rf8 77. a5 Ka8 78. Kb5 Rf5+ 79. Ka6 Rf8 80. Rg5 Re8 81. Kb5 Rf8 82. a6 Re8 83. a7 Kb7 84. Rg7+ Ka8 85. Ka6 Re7 86. Rg8+ 1-0

[Event "Chigorin Memorial 25th"]
[Site "St Petersburg"]
[Date "2017.10.27"]
[Round "7"]
[White "Iljiushenok, Ilia"]
[Black "Tarasov, Ilya"]
[Result "1-0"]
[WhiteElo "2519"]
[BlackElo "2102"]
[PlyCount "83"]
[EventDate "2017.10.21"]
[EventType "swiss"]
[EventRounds "9"]
[EventCountry "RUS"]
[SourceTitle "CBM 181 Extra"]
[Source "ChessBase"]
[SourceDate "2017.12.12"]
[SourceVersion "1"]
[SourceVersionDate "2017.12.12"]
[SourceQuality "1"]

1. e4 d6 2. d4 Nf6 3. Nc3 g6 4. Be3 c6 5. h3 Qa5 6. Bd3 Nbd7 7. f4 c5 8. Qd2 a6 9. Nf3 cxd4 10. Bxd4 e5 11. Be3 Bg7 12. fxe5 Nxe5 13. Nxe5 dxe5 14. 0-0 Be6 15. Qf2 Nd7 16. Nd5 Bxd5 17. exd5 0-0 18. Bc4 f5 19. Rad1 Qc7 20. Bb3 Qd6 21. c4 Rac8 22. Qe2 Kh8 23. Kh1 Rfd8 24. a3 b6 25. Bc2 b5 26. cxb5 axb5 27. Bb1 b4 28. axb4 Qxb4 29. Bg5 Re8 30. d6 Rc6 31. Be7 Bf8 32. Bxf5 gxf5 33. Qh5 Rcc8 34. Qxf5 Bxe7 35. dxe7 Rxe7 36. Rxd7 Rxd7 37. Qxd7 Rf8 38. Rxf8+ Qxf8 39. Qd3 Qf4 40. Qf3 Qc1+ 41. Kh2 Kg7 42. Qc3 1-0

[Event "Chigorin Memorial 25th"]
[Site "St Petersburg"]
[Date "2017.10.23"]
[Round "3"]
[White "Yurasova, Daria"]
[Black "Tarasov, Ilya"]
[Result "1/2-1/2"]
[WhiteElo "1849"]
[BlackElo "2102"]
[PlyCount "83"]
[EventDate "2017.10.21"]
[EventType "swiss"]
[EventRounds "9"]
[EventCountry "RUS"]
[SourceTitle "CBM 181 Extra"]
[Source "ChessBase"]
[SourceDate "2017.12.12"]
[SourceVersion "1"]
[SourceVersionDate "2017.12.12"]
[SourceQuality "1"]

1. d4 d6 2. Nf3 Bg4 3. e4 Nd7 4. h3 Bxf3 5. Qxf3 Ngf6 6. Bb5 c6 7. Bc4 e5 8. Qb3 Qb6 9. Bxf7+ Ke7 10. dxe5 Nxe5 11. Qxb6 axb6 12. Bb3 Nxe4 13. c3 Nc5 14. Bc2 Ned3+ 15. Kd2 Nxc1 16. Kxc1 g6 17. Nd2 Bh6 18. Kd1 Rhf8 19. Re1+ Kd7 20. Nc4 Ra6 21. Ke2 b5 22. Ne3 Ne6 23. g3 Bg7 24. a3 Raa8 25. h4 Rf7 26. f4 Re8 27. Kf2 Kc7 28. Kg2 Rfe7 29. Kf3 d5 30. f5 Nf8 31. Ng2 d4 32. fxg6 hxg6 33. cxd4 Bxd4 34. Rxe7+ Rxe7 35. Rb1 Bf6 36. b4 b6 37. Re1 Rxe1 38. Nxe1 Bb2 39. a4 Bc3 40. Nd3 bxa4 41. Bxa4 Kd6 42. Bb3 1/2-1/2

[Event "Chigorin Memorial 25th"]
[Site "St Petersburg"]
[Date "2017.10.22"]
[Round "2"]
[White "Tarasov, Ilya"]
[Black "Zolotyh, Lev"]
[Result "1/2-1/2"]
[WhiteElo "2102"]
[BlackElo "1831"]
[PlyCount "89"]
[EventDate "2017.10.21"]
[EventType "swiss"]
[EventRounds "9"]
[EventCountry "RUS"]
[SourceTitle "CBM 181 Extra"]
[Source "ChessBase"]
[SourceDate "2017.12.12"]
[SourceVersion "1"]
[SourceVersionDate "2017.12.12"]
[SourceQuality "1"]

1. d4 d5 2. c4 c6 3. Nf3 Nf6 4. Nc3 dxc4 5. a4 Bf5 6. e3 e6 7. Bxc4 Bb4 8. 0-0 Nbd7 9. Qe2 0-0 10. e4 Bg6 11. e5 Nd5 12. Nxd5 cxd5 13. Bd3 Qe7 14. Bg5 Qe8 15. Rac1 Bxd3 16. Qxd3 h6 17. Qb5 Nxe5 18. Qxb4 Nxf3+ 19. gxf3 hxg5 20. Rc7 a5 21. Qb3 Qd8 22. Rxb7 Qf6 23. Qe3 Rac8 24. Rb5 Rc4 25. Rxa5 Rxd4 26. b3 g4 27. fxg4 Rxg4+ 28. Kh1 Rc8 29. f3 Rh4 30. Rc5 Rxc5 31. Qxc5 Qe5 32. Qc2 d4 33. Qd2 d3 34. a5 Qe2 35. Qxe2 dxe2 36. Re1 Rb4 37. Rxe2 Rxb3 38. Ra2 Rb7 39. Kg2 Kf8 40. Kf2 Ke7 41. Ke3 Kd6 42. Kd4 Ra7 43. Kc4 Kc6 44. Kb4 Rb7+ 45. Kc4 1/2-1/2

[Event "St Petersburg Blockade op"]
[Site "St Petersburg"]
[Date "2013.01.10"]
[Round "8"]
[White "Tarasov, Ilya"]
[Black "Karasev, Vladimir I"]
[Result "0-1"]
[WhiteElo "1995"]
[BlackElo "2366"]
[PlyCount "114"]
[EventDate "2013.01.03"]
[EventType "swiss"]
[EventRounds "9"]
[EventCountry "RUS"]
[SourceTitle "CBM 152 Extra"]
[Source "ChessBase"]
[SourceDate "2013.02.25"]
[SourceVersion "1"]
[SourceVersionDate "2013.02.25"]
[SourceQuality "1"]

1. d4 d6 2. c4 e5 3. d5 f5 4. Nc3 Nf6 5. g3 Be7 6. Bg2 0-0 7. Nf3 c5 8. Ng5 Na6 9. e4 Nc7 10. 0-0 h6 11. Nf3 b5 12. cxb5 Nxe4 13. a4 Nxc3 14. bxc3 Bf6 15. Nd2 e4 16. Ra3 Bb7 17. c4 Be5 18. Nb3 Ne8 19. Bd2 Nf6 20. Na5 Qe7 21. Bc3 Bxc3 22. Rxc3 Qc7 23. Nxb7 Qxb7 24. a5 Rae8 25. Re1 Re5 26. f3 Qc7 27. Ra3 exf3 28. Bxf3 Nd7 29. Kg2 Rxe1 30. Qxe1 Ne5 31. Qe2 f4 32. g4 Qd8 33. Ra1 Qg5 34. Rb1 h5 35. h3 hxg4 36. hxg4 Qh4 37. Qf2 Qxf2+ 38. Kxf2 Nxc4 39. b6 axb6 40. axb6 Rb8 41. b7 Kf7 42. Be2 Ne5 43. Rb6 Ke7 44. Bb5 c4 45. g5 c3 46. Ba4 Nd3+ 47. Ke2 Nc5 48. Bc2 Rxb7 49. Rxb7+ Nxb7 50. Kd3 f3 51. Ke3 Nc5 52. Kxf3 Na6 53. Ke3 Nb4 54. Be4 Kd8 55. Kf4 Nxd5+ 56. Kf5 Ke7 57. Kg6 Kf8 0-1

[Event "St Petersburg Blockade op"]
[Site "St Petersburg"]
[Date "2013.01.04"]
[Round "2"]
[White "Tochanskaya, Alexandra"]
[Black "Tarasov, Ilya"]
[Result "0-1"]
[WhiteElo "1472"]
[BlackElo "1995"]
[PlyCount "86"]
[EventDate "2013.01.03"]
[EventType "swiss"]
[EventRounds "9"]
[EventCountry "RUS"]
[SourceTitle "CBM 152 Extra"]
[Source "ChessBase"]
[SourceDate "2013.02.25"]
[SourceVersion "1"]
[SourceVersionDate "2013.02.25"]
[SourceQuality "1"]

1. e4 Nf6 2. Nc3 d6 3. d4 g6 4. Nf3 c6 5. Be2 Bg7 6. 0-0 Qc7 7. Bf4 Nh5 8. Be3 0-0 9. Qd2 Bg4 10. h3 Bxf3 11. Bxf3 Nf6 12. Bh6 Nbd7 13. Bxg7 Kxg7 14. Rfe1 e5 15. d5 c5 16. Ne2 h5 17. Qg5 Nh7 18. Qd2 Qd8 19. Ng3 h4 20. Nf1 Qg5 21. Ne3 Kh8 22. Qa5 b6 23. Qb5 Qe7 24. Nc4 Rac8 25. a4 Ng5 26. Re3 f5 27. Rae1 Nf6 28. exf5 gxf5 29. Rd1 f4 30. Ra3 e4 31. Be2 f3 32. Bf1 Nxh3+ 33. Kh2 Nxf2 34. Rd2 N6g4+ 35. Kg1 h3 36. gxh3 Qh4 37. Ne3 Qg3+ 38. Bg2 Nxh3+ 39. Kf1 Nxe3+ 40. Rxe3 fxg2+ 41. Ke2 Qf2+ 42. Kd1 g1R+ 43. Re1 Qxe1# 0-1

[Event "St Petersburg Blockade op"]
[Site "St Petersburg"]
[Date "2013.01.03"]
[Round "1"]
[White "Tarasov, Ilya"]
[Black "Gantsevich, Dmitry"]
[Result "1-0"]
[WhiteElo "1995"]
[BlackElo "1522"]
[PlyCount "71"]
[EventDate "2013.01.03"]
[EventType "swiss"]
[EventRounds "9"]
[EventCountry "RUS"]
[SourceTitle "CBM 152 Extra"]
[Source "ChessBase"]
[SourceDate "2013.02.25"]
[SourceVersion "1"]
[SourceVersionDate "2013.02.25"]
[SourceQuality "1"]

1. d4 Nf6 2. c4 g6 3. Nc3 Bg7 4. e4 d6 5. Be2 0-0 6. Bg5 Na6 7. Qd2 c5 8. d5 Nc7 9. Nf3 a6 10. 0-0 Rb8 11. a4 b6 12. Bh6 Bd7 13. Bxg7 Kxg7 14. e5 Ng4 15. Qf4 dxe5 16. Nxe5 Nxe5 17. Qxe5+ Kg8 18. f4 Bf5 19. h4 Ne8 20. g4 Bd7 21. h5 f6 22. Qe3 Bc8 23. hxg6 hxg6 24. f5 g5 25. Kg2 Kg7 26. Rh1 Nd6 27. Rh3 Bd7 28. Rah1 Rg8 29. Rh7+ Kf8 30. Rh8 Nf7 31. Rxg8+ Kxg8 32. Qh3 Qc7 33. Qh7+ Kf8 34. Qg6 e6 35. Rh7 Be8 36. Qxf6 1-0

[Event "Borisoglebsk-ch"]
[Site "Borisoglebsk"]
[Date "2012.06.23"]
[Round "2"]
[White "Tarasov, Ilya"]
[Black "Serdjukov, Sergey"]
[Result "0-1"]
[WhiteElo "2018"]
[BlackElo "2076"]
[PlyCount "48"]
[EventDate "2012.06.22"]
[EventType "swiss"]
[EventRounds "7"]
[EventCountry "RUS"]
[SourceTitle "EXT 2013"]
[Source "ChessBase"]
[SourceDate "2012.11.22"]
[SourceVersion "1"]
[SourceVersionDate "2012.11.22"]
[SourceQuality "1"]

1. b4 e5 2. Bb2 d6 3. e3 Nd7 4. Nf3 g6 5. Be2 Bg7 6. 0-0 Ne7 7. e4 d5 8. d3 0-0 9. Nbd2 c6 10. a3 h6 11. d4 dxe4 12. Nxe4 f5 13. Nc3 e4 14. Ne1 Nb6 15. Nb1 Na4 16. Bc4+ Kh8 17. Bc1 f4 18. c3 Nb6 19. Bb3 a5 20. Bb2 Nf5 21. Qe2 e3 22. Nd3 Qg5 23. Nc5 Nxd4 24. cxd4 f3 0-1

[Event "St Petersburg White Nights op"]
[Site "St Petersburg"]
[Date "2012.06.09"]
[Round "8"]
[White "Kazakevich, Grigoriy"]
[Black "Tarasov, Ilya"]
[Result "1-0"]
[WhiteElo "2066"]
[BlackElo "2018"]
[PlyCount "79"]
[EventDate "2012.06.02"]
[EventType "swiss"]
[EventRounds "9"]
[EventCountry "RUS"]
[SourceTitle "CBM 148 Extra"]
[Source "ChessBase"]
[SourceDate "2012.06.22"]
[SourceVersion "1"]
[SourceVersionDate "2012.06.22"]
[SourceQuality "1"]

1. e4 d6 2. d4 Nf6 3. Nc3 g6 4. Nf3 c6 5. a4 Bg7 6. h3 0-0 7. Be2 Qc7 8. 0-0 Nbd7 9. Be3 e5 10. Qd2 Re8 11. dxe5 dxe5 12. Rfd1 a5 13. Qd6 Qxd6 14. Rxd6 Bf8 15. Rdd1 Bb4 16. Nd2 Kg7 17. f3 Bc5 18. Kf2 Bxe3+ 19. Kxe3 Nb6 20. Nc4 Nxc4+ 21. Bxc4 Nd7 22. Rd6 Nc5 23. Rad1 Be6 24. Bxe6 Nxe6 25. Nb1 Kf8 26. Na3 Nc5 27. b3 Ne6 28. R1d2 Nc5 29. Nc4 h5 30. Nb6 Rab8 31. h4 Ke7 32. Nc4 f6 33. Nxa5 Rbd8 34. Rxd8 Rxd8 35. Rxd8 Kxd8 36. Nc4 Kc7 37. a5 Ne6 38. c3 c5 39. g3 Nd8 40. Nb6 1-0

[Event "St Petersburg Autumn op"]
[Site "St Petersburg"]
[Date "2011.10.29"]
[Round "2"]
[White "Myshkin, Nikita"]
[Black "Tarasov, Ilya"]
[Result "1-0"]
[WhiteElo "2255"]
[BlackElo "1991"]
[PlyCount "83"]
[EventDate "2011.10.28"]
[EventType "swiss"]
[EventRounds "9"]
[EventCountry "RUS"]
[SourceTitle "EXT 2013"]
[Source "ChessBase"]
[SourceDate "2012.11.22"]
[SourceVersion "1"]
[SourceVersionDate "2012.11.22"]
[SourceQuality "1"]

1. d4 Nf6 2. Nf3 d6 3. c4 Nbd7 4. g3 e5 5. Bg2 Be7 6. 0-0 0-0 7. Nc3 c6 8. e4 Re8 9. h3 Qc7 10. Be3 Bf8 11. Qc2 g6 12. Rfe1 Bg7 13. Rad1 Nf8 14. Kh2 h6 15. dxe5 dxe5 16. Bc5 Re6 17. Qd2 Ne8 18. h4 b6 19. Be3 Rd6 20. Qc1 Rxd1 21. Rxd1 Nf6 22. Kg1 Ng4 23. Bd2 Be6 24. b3 Rd8 25. Nh2 Rd3 26. Bf1 Rd7 27. Be2 Nxh2 28. Kxh2 Kh7 29. h5 g5 30. a4 a5 31. Nd5 cxd5 32. cxd5 Bxd5 33. Qxc7 Rxc7 34. exd5 f5 35. d6 Rb7 36. Bb5 Nd7 37. Be3 Bf8 38. Bxd7 Rxd7 39. Bxb6 Rxd6 40. Rxd6 Bxd6 41. Bxa5 Kg7 42. Bb6 1-0

[Event "St Petersburg Botvinnik 100 op"]
[Site "St Petersburg"]
[Date "2011.08.17"]
[Round "6"]
[White "Tarasov, Ilya"]
[Black "Krivonos, Nikolay"]
[Result "0-1"]
[WhiteElo "2006"]
[BlackElo "2296"]
[PlyCount "84"]
[EventDate "2011.08.12"]
[EventType "swiss"]
[EventRounds "9"]
[EventCountry "RUS"]
[SourceTitle "CBM 143 Extra"]
[Source "ChessBase"]
[SourceDate "2011.08.29"]
[SourceVersion "1"]
[SourceVersionDate "2011.08.29"]
[SourceQuality "1"]

1. d4 d5 2. c4 c6 3. Nf3 Nf6 4. Nc3 Bf5 5. cxd5 Nxd5 6. g3 e6 7. Bg2 Be7 8. 0-0 0-0 9. Ne1 Bg6 10. e4 Nb6 11. Be3 N8d7 12. f4 h6 13. Nf3 Nc4 14. Qe2 Nxe3 15. Qxe3 Bf6 16. Kh1 Qb6 17. Qf2 Rad8 18. Rad1 Qa5 19. h3 Nb6 20. Ne5 Bh7 21. Qe2 Na4 22. Nxa4 Qxa4 23. b3 Qb4 24. Qc4 Qa3 25. Qe2 Qa5 26. Nc4 Qb4 27. e5 Be7 28. Be4 Bxe4+ 29. Qxe4 b5 30. Ne3 c5 31. Nc2 Qc3 32. Qd3 cxd4 33. Nxd4 Qxd3 34. Rxd3 Rd5 35. Rfd1 Rfd8 36. Nc6 Rxd3 37. Nxe7+ Kf8 38. Rxd3 Rxd3 39. Nc6 a6 40. Nb4 Rxg3 41. Nxa6 Rf3 42. Nc7 b4 0-1